Sekty v našej spoločnosti

Bibliographic Details
Main Author: Zajicová, Katarína (Author)
Format: Article
Language:Slovak
PhysicalDescription:Obr. 1
ISSN:0139-8512
Subjects:

MARC

LEADER 00000nab a2200000 a 4500
001 vtls000621266
003 SK-MaSNL
005 20260302200916.0
008 160401c1997 xo 0 slo
015 |a SNBRB19rr/mm-uuuuu 
035 |a CL0621405 
040 |a SNKBUCL  |b slo  |c SNKBUCL  |e AACR2 
041 0 |a slo 
044 |a xo  |c SK 
080 |a 289  |2 1981 
100 1 |a Zajicová, Katarína  |4 aut  |9 920449 
245 1 0 |a Sekty v našej spoločnosti  |c Katarína Zajicová 
300 |b Obr. 1 
650 0 7 |a sekty  |2 snkbucl  |9 2025 
655 7 |a články z novín a časopisov  |2 snkbucl  |9 267496 
773 0 |x 0139-8512  |t Katolícke noviny  |g Roč. 112, č. 18 (1997), s. 11 
850 |a Slovenská národná knižnica v Martine  |a MTA001 
852 |a SNK  |b KIS3GCP 
958 |a RK 
958 |a RBX 
999 |c 1458821  |d 1460751